[Event "Sveins 10. minneturnering"]
[Site "Oslo"]
[Date "2017.06.23"]
[Round "1"]
[White "Kreken, Eivind Grunt"]
[Black "Lund, Terje"]
[Result "0-1"]
[WhiteElo "1386"]
[BlackElo "2095"]
[PlyCount "100"]
[EventDate "2017.??.??"]

1. c4 c6 2. d4 d5 3. cxd5 cxd5 4. Nf3 Nc6 5. Nc3 Nf6 6. e3 a6 7. h3 g6 8. Bd3
Bg7 9. O-O Qd6 10. a3 b5 11. b4 O-O 12. Bb2 Nd7 13. Ne2 Nb6 14. Rc1 Nc4 15.
Bxc4 dxc4 16. Nc3 f5 17. Qd2 Rd8 18. Rfd1 Bb7 19. Rc2 Rd7 20. Qe2 Rad8 21. Rcd2
e6 22. d5 Ne7 23. dxe6 Qxe6 24. Ng5 Qc6 25. Nf3 h6 26. Rxd7 Rxd7 27. Rd2 Nd5
28. Nxd5 Bxb2 29. Rxb2 Rxd5 30. Rd2 c3 31. Rc2 Rd8 32. Qe1 Rc8 33. Qf1 Qc4 34.
Qxc4+ Rxc4 35. Ne5 Rc7 36. f3 Bd5 37. Nd3 Bb3 38. Rc1 Rc4 39. Nc5 Ba2 40. Rc2
Bb1 41. Rc1 c2 42. Kf2 a5 43. Nb3 axb4 44. axb4 Rxb4 45. Nd2 Rb2 46. e4 fxe4
47. fxe4 Ba2 48. Ke3 b4 49. Kd4 b3 50. Kc3 Rb1
0-1

[Event "Sveins 10. minneturnering"]
[Site "Oslo"]
[Date "2017.06.23"]
[Round "1"]
[White "Lindbøl, Aleksander"]
[Black "Trasti, Nora"]
[Result "1-0"]
[WhiteElo "2076"]
[BlackElo "1359"]
[PlyCount "69"]
[EventDate "2017.??.??"]

1. e4 c5 2. Nf3 Nc6 3. d4 cxd4 4. Nxd4 e5 5. Nb3 Nf6 6. Nc3 Bb4 7. Bd3 O-O 8.
O-O d6 9. Bg5 Bxc3 10. bxc3 h6 11. Bh4 Qe7 12. Qe2 g5 13. Bg3 Be6 14. Rab1 Bg4
15. f3 Bh5 16. Qe3 Rac8 17. Rfd1 Qc7 18. Be2 Rfd8 19. h4 Qb6 20. Qxb6 axb6 21.
Nd2 Ne7 22. Rxb6 Rxc3 23. Rxb7 Rd7 24. Rxd7 Nxd7 25. Bd3 Nc5 26. Nb1 Rxd3 27.
cxd3 f6 28. Bf2 Ne6 29. Nc3 Be8 30. d4 gxh4 31. dxe5 dxe5 32. Nd5 Ng6 33. Nxf6+
Kf7 34. Nxe8 Kxe8 35. a4
1-0

[Event "Sveins 10. minneturnering"]
[Site "Oslo"]
[Date "2017.06.23"]
[Round "1"]
[White "Vestby, Anniken"]
[Black "Bergre, Joachim"]
[Result "0-1"]
[WhiteElo "1336"]
[BlackElo "2053"]
[PlyCount "54"]
[EventDate "2017.??.??"]

1. e4 d6 2. d4 g6 3. Nc3 Bg7 4. Nf3 a6 5. Bc4 b5 6. Bb3 e6 7. a3 h6 8. O-O Nd7
9. Re1 Bb7 10. Qd3 Ne7 11. Ne2 c5 12. c4 cxd4 13. Nexd4 Nc5 14. Qc2 e5 15. Ne2
Bxe4 16. Qc3 Nxb3 17. Qxb3 bxc4 18. Qxc4 Bxf3 19. gxf3 O-O 20. Ng3 d5 21. Qh4
Nc6 22. Qh3 Nd4 23. Rd1 Nxf3+ 24. Kg2 Nh4+ 25. Kg1 d4 26. b4 Re8 27. Re1 Nf3+
0-1

[Event "Sveins 10. minneturnering"]
[Site "Oslo"]
[Date "2017.06.23"]
[Round "1"]
[White "Hansen, Lars-Henrik Bech"]
[Black "Evenshaug, Amadeus Hestvik"]
[Result "1-0"]
[WhiteElo "2019"]
[BlackElo "1214"]
[PlyCount "55"]
[EventDate "2017.??.??"]

1. e4 e5 2. Nf3 Nc6 3. d4 exd4 4. Bc4 Nf6 5. e5 d5 6. Bb5 Ne4 7. Nxd4 Bd7 8.
Bxc6 bxc6 9. O-O Be7 10. f3 Ng5 11. f4 Ne6 12. Be3 Nxd4 13. Qxd4 Bf5 14. Nc3 f6
15. Qa4 Bd7 16. e6 Bxe6 17. Qxc6+ Bd7 18. Qxd5 c6 19. Qc4 c5 20. Rfe1 Kf8 21.
Bxc5 Bxc5+ 22. Qxc5+ Kf7 23. Rad1 Qc8 24. Qe7+ Kg6 25. Rxd7 Qa6 26. Qxg7+ Kf5
27. Rd5+ Kxf4 28. Qg3#
1-0

[Event "Sveins 10. minneturnering"]
[Site "Oslo"]
[Date "2017.06.23"]
[Round "1"]
[White "Hestvik, Elias"]
[Black "Toby, Albert"]
[Result "0-1"]
[WhiteElo "1192"]
[BlackElo "2015"]
[PlyCount "50"]
[EventDate "2017.??.??"]

1. e4 c6 2. d4 d5 3. Nc3 dxe4 4. Nxe4 Nf6 5. Nxf6+ gxf6 6. c3 Bf5 7. Bc4 e6 8.
Bd3 Bxd3 9. Qxd3 Nd7 10. Nf3 Qc7 11. Be3 O-O-O 12. O-O-O h5 13. h4 Be7 14. g3
Qa5 15. Kb1 Nc5 16. Qc2 (16. b4 Qb6 (16... Nxd3 17. bxa5) 17. dxc5 Bxc5 18.
Bxc5) 16... Na4 17. Nd2 b5 18. Qe4 Rd5 19. Nb3 Qxc3 20. Rd2 Qb4 21. Rc1 c5 22.
a3 Qxb3 23. dxc5 Rhd8 24. Bf4 f5 25. Qg2 Bf6
0-1

[Event "Sveins 10. minneturnering"]
[Site "Oslo"]
[Date "2017.06.24"]
[Round "2"]
[White "Berg, Emanuel"]
[Black "Westerinen, Heikki M.J."]
[Result "1-0"]
[WhiteElo "2573"]
[BlackElo "2305"]
[PlyCount "61"]
[EventDate "2017.??.??"]

1. e4 Nf6 2. e5 Nd5 3. d4 d6 4. c4 Nb6 5. exd6 exd6 6. d5 Be7 7. Bd3 N8d7 8.
Ne2 Ne5 9. h3 O-O 10. b3 Bf6 11. Nbc3 Nxd3+ 12. Qxd3 Re8 13. Be3 Nd7 14. O-O
Ne5 15. Qc2 Bxh3 16. gxh3 Nf3+ 17. Kg2 Nh4+ 18. Kh1 Be5 19. Qd3 Qf6 20. f4 Bxc3
21. Nxc3 Nf5 22. Bf2 Re7 23. Rae1 Rae8 24. Rxe7 Rxe7 25. Re1 h6 26. Ne4 Qg6 27.
Rg1 Ng3+ 28. Rxg3 Qxe4+ 29. Qxe4 Rxe4 30. Bxa7 Rxf4 31. Bb8
1-0

[Event "Sveins 10. minneturnering"]
[Site "Oslo"]
[Date "2017.06.24"]
[Round "2"]
[White "Ranaldi, Lucas"]
[Black "Hector, Jonny"]
[Result "1/2-1/2"]
[WhiteElo "2278"]
[BlackElo "2503"]
[PlyCount "192"]
[EventDate "2017.??.??"]

1. Nf3 d5 2. e3 Nf6 3. c4 c6 4. Nc3 e6 5. Qc2 Bd6 6. d4 O-O 7. b3 Qe7 8. Bd3
Nbd7 9. O-O Re8 10. Bb2 Nf8 11. e4 Bb4 12. e5 Nh5 13. g3 Bd7 14. Bc1 f5 15. a3
Ba5 16. c5 Rec8 17. b4 Bd8 18. Bg5 Qf7 19. Bxd8 Rxd8 20. a4 Qe7 21. h4 h6 22.
Kg2 Be8 23. Ne2 Rac8 24. Qd2 Rc7 25. Rab1 Rdc8 26. Rfc1 Nh7 27. b5 g5 28. b6
Rd7 29. bxa7 Ra8 30. a5 Rxa7 31. Rb6 Rd8 32. Ra1 Rda8 33. a6 bxa6 34. Raxa6
Rxa6 35. Bxa6 Ra7 36. Qc1 Ng7 37. Nc3 f4 38. hxg5 hxg5 39. gxf4 gxf4 40. Qxf4
Nf5 41. Ne2 Qg7+ 42. Ng3 Rf7 43. Bd3 Nf8 44. Rb8 Nxg3 45. Qxg3 Re7 46. Qxg7+
Kxg7 47. Nh4 Kf7 48. Ba6 Nh7 49. f4 Ra7 50. Rb7+ Rxb7 51. Bxb7 Ke7 52. Kg3 Kd7
53. Ba6 Bh5 54. Bd3 Nf8 55. f5 exf5 56. Bxf5+ Ke7 57. Kf4 Be8 58. Kg5 Bf7 59.
Kh6 Be8 60. Kg7 Bh5 61. Bh3 Ne6+ 62. Bxe6 Kxe6 63. Kh6 Be2 64. Kg5 Bd1 65. Ng6
Bc2 66. Nf4+ Ke7 67. Kg4 Be4 68. Kg3 Kf7 69. Kf2 Kg7 70. Ne6+ Kg6 71. Nd8 Kf5
72. Ke3 Bc2 73. Nxc6 Ke6 74. Nb4 Ba4 75. Nd3 Bc6 76. Kf4 Bb5 77. Nb4 Bc4 78.
Kg5 Bb5 79. c6 Bc4 80. c7 Kd7 81. Kf6 Kxc7 82. e6 Be2 83. Nxd5+ Kd6 84. Nf4 Bb5
85. e7 Be8 86. d5 Kd7 87. Nd3 Kd6 88. Nb4 Bh5 89. Nd3 Be8 90. Nf4 Kd7 91. Ne6
Kd6 92. Nc7 Kxc7 93. Ke6 Bd7+ 94. Kf7 Kd6 95. e8=Q Bxe8+ 96. Kxe8 Kxd5
1/2-1/2

[Event "Sveins 10. minneturnering"]
[Site "Oslo"]
[Date "2017.06.24"]
[Round "2"]
[White "Hillarp Persson, Tiger"]
[Black "Solberg, Joachim"]
[Result "1-0"]
[WhiteElo "2496"]
[BlackElo "2257"]
[PlyCount "79"]
[EventDate "2017.??.??"]

1. d4 d5 2. c4 c6 3. Nf3 Nf6 4. Nc3 e6 5. e3 Nbd7 6. Qc2 Bd6 7. Be2 O-O 8. O-O
e5 9. cxd5 cxd5 10. Nb5 Bb8 11. dxe5 Nxe5 12. Bd2 Bg4 13. Rfd1 Nxf3+ 14. Bxf3
Bxf3 15. gxf3 Qd7 16. Nd4 Qh3 17. Qf5 Bxh2+ 18. Kh1 Qh4 19. Kg2 g6 20. Qd3 Bd6
21. Rh1 Qg5+ 22. Kf1 Nd7 23. Bc3 Ne5 24. Qd1 Nc4 25. f4 Qf6 26. b3 Nb6 27. Nb5
Qe7 28. Qd4 f6 29. Nxd6 Qxd6 30. Bb4 Qe6 31. Bxf8 Rxf8 32. Rc1 Rf7 33. Rc5 Qf5
34. a4 Qb1+ 35. Kg2 Qxb3 36. a5 Nd7 37. Rxd5 Nf8 38. Rd6 a6 39. Rc1 Qb5 40. Qd5
1-0

[Event "Sveins 10. minneturnering"]
[Site "Oslo"]
[Date "2017.06.24"]
[Round "2"]
[White "Al-Tarbosh, Ward"]
[Black "Tan, Justin"]
[Result "0-1"]
[WhiteElo "2248"]
[BlackElo "2448"]
[PlyCount "74"]
[EventDate "2017.??.??"]

1. e4 e5 2. Nf3 Nc6 3. Bb5 a6 4. Ba4 Nge7 5. O-O g6 6. c3 Bg7 7. d4 exd4 8.
cxd4 O-O 9. d5 b5 10. Bc2 Na5 11. Nc3 d6 12. Bg5 h6 13. Bh4 Bg4 14. Bd3 g5 15.
Bg3 Ng6 16. h3 Bd7 17. Rb1 Nb7 18. Ne2 Nc5 19. Ned4 b4 20. Re1 Re8 21. Bc2 Qf6
22. Qd2 a5 23. Rbd1 Re7 24. Bb1 Rae8 25. Qc1 g4 26. e5 dxe5 27. Qxc5 exd4 28.
Rxe7 Qxe7 29. Qxe7 Rxe7 30. hxg4 Bxg4 31. Rc1 Bxf3 32. gxf3 Be5 33. Bxg6 fxg6
34. Kf1 d3 35. Re1 d2 36. Rd1 Bc3 37. bxc3 bxc3
0-1

[Event "Sveins 10. minneturnering"]
[Site "Oslo"]
[Date "2017.06.24"]
[Round "2"]
[White "Hansen, Torbjørn R."]
[Black "Ingebretsen, Jens E"]
[Result "1-0"]
[WhiteElo "2443"]
[BlackElo "2014"]
[PlyCount "61"]
[EventDate "2017.??.??"]

1. e4 c5 2. Nf3 e6 3. d4 cxd4 4. Nxd4 Nc6 5. Nc3 Qc7 6. Be3 a6 7. Qf3 d6 8.
Nxc6 Qxc6 9. O-O-O Nf6 10. Bd3 Be7 11. Qg3 O-O 12. Bh6 Ne8 13. f4 b5 14. e5 Rb8
15. Ne4 f5 16. exf6 Bxf6 17. Nxf6+ Rxf6 18. Bg5 Rf7 19. Rhe1 Nc7 20. Qh4 g6 21.
Bf6 Ne8 22. Bd4 Ng7 23. Be4 Qc7 24. Qh6 Bd7 25. g4 Rbf8 26. h4 e5 27. h5 exd4
28. hxg6 hxg6 29. Rh1 Nh5 30. Qxg6+ Rg7 31. Bd5+
1-0

[Event "Sveins 10. minneturnering"]
[Site "Oslo"]
[Date "2017.06.24"]
[Round "2"]
[White "Vestby-Ellingsen, Mads"]
[Black "Arvola, Benjamin"]
[Result "0-1"]
[WhiteElo "2179"]
[BlackElo "2435"]
[PlyCount "96"]
[EventDate "2017.??.??"]

1. d4 Nf6 2. c4 g6 3. Nc3 d5 4. cxd5 Nxd5 5. e4 Nxc3 6. bxc3 Bg7 7. Qa4+ Nd7 8.
Nf3 O-O 9. Bg5 c5 10. Be2 Nf6 11. Nd2 Bd7 12. Qa3 cxd4 13. cxd4 Bc6 14. Qd3 Qa5
15. Bxf6 Bxf6 16. O-O Rfd8 17. Nb3 Qa4 18. Rfd1 Bxd4 19. Nxd4 e5 20. Qc4 exd4
21. Qxa4 Bxa4 22. Rd2 Rac8 23. f3 Kg7 24. Kf2 Rc3 25. Rb1 Bc6 26. Rb4 Kf6 27.
Rbxd4 Rxd4 28. Rxd4 Rc2 29. Ke3 Rxa2 30. Rd8 a5 31. Bc4 Rc2 32. Kd3 Rxg2 33.
Rf8 b5 34. Rxf7+ Ke5 35. f4+ Kd6 36. Rf6+ Kc5 37. Bg8 Rxh2 38. e5 Rh3+ 39. Kd2
Rh2+ 40. Ke3 b4 41. e6 Bb5 42. f5 b3 43. e7 b2 44. Ba2 Re2+ 45. Kf3 Rxe7 46.
fxg6 hxg6 47. Rxg6 Re1 48. Rg8 Ra1
0-1

[Event "Sveins 10. minneturnering"]
[Site "Oslo"]
[Date "2017.06.24"]
[Round "2"]
[White "Djurhuus, Rune"]
[Black "Merkesvik, Sondre"]
[Result "1/2-1/2"]
[WhiteElo "2421"]
[BlackElo "2220"]
[PlyCount "110"]
[EventDate "2017.??.??"]

1. e4 Nf6 2. Nc3 d5 3. e5 Ne4 4. Nce2 f6 5. d3 Ng5 6. f4 Nf7 7. d4 c5 8. c3 Nc6
9. Be3 Bg4 10. h3 Bxe2 11. Bxe2 e6 12. Nf3 Qb6 13. Qd2 cxd4 14. Nxd4 Bc5 15.
exf6 gxf6 16. O-O O-O-O 17. b4 Bxd4 18. cxd4 f5 19. a4 Qxb4 20. Qc2 Nd6 21. a5
Nc4 22. Bf2 Qd2 23. Rfc1 Qxc2 24. Rxc2 a6 25. g4 Kb8 26. gxf5 exf5 27. Bxc4
dxc4 28. Rxc4 Rd5 29. Rc5 Rhd8 30. Kg2 Nxd4 31. Bxd4 Rxd4 32. Rxf5 Rg8+ 33. Kf2
Rd2+ 34. Ke3 Rh2 35. Rh5 Rg3+ 36. Ke4 Rhxh3 37. Rxh3 Rxh3 38. f5 Kc7 39. Rd1
Rh2 40. f6 Rf2 41. Ke5 b5 42. axb6+ Kxb6 43. Rd6+ Kb5 44. Ke6 Re2+ 45. Kd7 Rf2
46. Ke7 a5 47. f7 Rxf7+ 48. Kxf7 a4 49. Ke6 a3 50. Rd2 Kc4 51. Rh2 Kb3 52. Rxh7
a2 53. Ra7 Kb2 54. Ke5 a1=Q 55. Rxa1 Kxa1
1/2-1/2

[Event "Sveins 10. minneturnering"]
[Site "Oslo"]
[Date "2017.06.24"]
[Round "2"]
[White "Haubro, Sigfred"]
[Black "Kaasen, Tor Fredrik"]
[Result "0-1"]
[WhiteElo "2175"]
[BlackElo "2402"]
[PlyCount "84"]
[EventDate "2017.??.??"]

1. Nf3 Nf6 2. b3 g6 3. Bb2 Bg7 4. e3 O-O 5. Be2 b6 6. O-O Bb7 7. c4 d6 8. d4 e6
9. Nbd2 Nbd7 10. Qc2 Qe7 11. b4 e5 12. d5 c6 13. dxc6 Bxc6 14. Rfd1 Rac8 15.
Qb3 d5 16. a4 dxc4 17. Bxc4 e4 18. Nd4 Ba8 19. Nf1 Ne5 20. Be2 Bd5 21. Qa3 Nc4
22. Bxc4 Bxc4 23. b5 Nd5 24. Nd2 Bd3 25. Qb3 Qg5 26. Nc6 Rc7 27. Bxg7 Kxg7 28.
Nc4 Ne7 29. N4e5 Nxc6 30. Nxd3 Na5 31. Qb2+ Kh6 32. Nf4 Rfc8 33. Qd4 Nb3 34.
Qb2 Nxa1 35. Qxa1 Rc3 36. h3 Qc5 37. Kh2 Qc7 38. g3 Rc2 39. Rf1 Qc3 40. Qd1
Qxe3 41. Kg1 Qf3 42. Qa1 e3
0-1

[Event "Sveins 10. minneturnering"]
[Site "Oslo"]
[Date "2017.06.24"]
[Round "2"]
[White "Getz, Nicolai"]
[Black "Moen, Ole Christian"]
[Result "1-0"]
[WhiteElo "2391"]
[BlackElo "2178"]
[PlyCount "113"]
[EventDate "2017.??.??"]

1. e4 e5 2. Nf3 Nc6 3. Bc4 Bc5 4. O-O Nf6 5. d3 O-O 6. c3 Re8 7. b4 Bf8 8. Qb3
Re7 9. Bg5 d6 10. Nh4 a5 11. b5 a4 12. Qd1 Na5 13. Bxf6 gxf6 14. Qxa4 f5 15.
Nxf5 Bxf5 16. exf5 d5 17. Bb3 Nc4 18. Qxa8 Qxa8 19. dxc4 dxc4 20. Bxc4 Rd7 21.
a4 b6 22. Re1 Qd8 23. a5 bxa5 24. Rxa5 Rd1 25. Kf1 Bc5 26. Ra2 Rxe1+ 27. Kxe1
Qg5 28. Bd3 Qxg2 29. Re2 Qg1+ 30. Kd2 Qxh2 31. Kc2 Bxf2 32. Nd2 Qf4 33. Ne4 Bh4
34. f6 Qg4 35. Kb3 h5 36. Ra2 Qc8 37. Bc4 Qb7 38. Rd2 Kh7 39. Rd7 Kh6 40. Bd3
Be1 41. Rd8 Qb6 42. Rh8+ Kg6 43. Nd2+ e4 44. Nxe4 Qe3 45. Kc2 h4 46. Re8 Kh5
47. Bc4 Kg4 48. Bxf7 Qe2+ 49. Kc1 Kf4 50. Bg6 Qf1 51. f7 Bxc3+ 52. Kc2 Bf6 53.
Nd2 Qxb5 54. Re4+ Kg5 55. f8=Q Kxg6 56. Qg8+ Kh6 57. Qe6
1-0

[Event "Sveins 10. minneturnering"]
[Site "Oslo"]
[Date "2017.06.24"]
[Round "2"]
[White "Nordquelle, Daniel"]
[Black "Ostrovskiy, Aleksandr A"]
[Result "0-1"]
[WhiteElo "2143"]
[BlackElo "2381"]
[PlyCount "94"]
[EventDate "2017.??.??"]

1. e4 c6 2. d4 d5 3. e5 c5 4. dxc5 Nc6 5. Nf3 Bg4 6. Bb5 Qa5+ 7. Nc3 e6 8. Be3
Nge7 9. a3 O-O-O 10. b4 Bxf3 11. gxf3 Qc7 12. Bxc6 Nxc6 13. Bd4 a6 14. f4 g5
15. fxg5 h6 16. g6 fxg6 17. O-O g5 18. Re1 Rh7 19. Qg4 Nxd4 20. Qxd4 Rf7 21.
Na4 Rf4 22. Qc3 Bg7 23. Nb2 Rdf8 24. Nd3 Rg4+ 25. Kf1 Rh4 26. a4 Rxh2 27. b5 g4
28. c6 bxc6 29. Qxc6 Qxc6 30. bxc6 g3 31. Kg1 gxf2+ 32. Kxh2 fxe1=Q 33. Rxe1
Rf5 34. Kh3 Kc7 35. Rg1 Rh5+ 36. Kg2 Kxc6 37. Rb1 Bxe5 38. Nb4+ Kd6 39. Nxa6
Rh2+ 40. Kf3 Rxc2 41. Rb7 Bd4 42. Nb8 e5 43. a5 Rc7 44. a6 Ba7 45. Rb2 Rc8 46.
Rh2 e4+ 47. Ke2 Rc2+
0-1

[Event "Sveins 10. minneturnering"]
[Site "Oslo"]
[Date "2017.06.24"]
[Round "2"]
[White "Haubro, Martin"]
[Black "Sousa, Ludy Helsio P"]
[Result "1-0"]
[WhiteElo "2365"]
[BlackElo "2159"]
[PlyCount "115"]
[EventDate "2017.??.??"]

1. e4 c5 2. Nf3 d6 3. d4 cxd4 4. Nxd4 Nf6 5. Nc3 a6 6. Bg5 Nbd7 7. f4 Qc7 8.
Qe2 e5 9. fxe5 dxe5 10. Nb3 h6 11. Bh4 Bb4 12. Qe3 b5 13. a4 Bb7 14. Bxf6 Nxf6
15. axb5 Nxe4 16. Ra4 Bxc3+ 17. bxc3 Qxc3+ 18. Qxc3 Nxc3 19. bxa6 Nxa4 20. axb7
Rb8 21. Bb5+ Ke7 22. Bxa4 Rxb7 23. O-O Rb4 24. Bc6 Rc8 25. Na5 Rb6 26. Bd5 Rxc2
27. Rxf7+ Ke8 28. Rf1 Rc5 29. Nc4 Rb4 30. Bf7+ Ke7 31. Ne3 Rf4 32. Bg6 Kf6 33.
Be4 Kg5 34. Bh7 g6 35. Bg8 Rxf1+ 36. Kxf1 Kf4 37. Ke2 Ke4 38. Bf7 g5 39. Bg6+
Kd4 40. Nf5+ Kd5 41. Nxh6 Rc6 42. Ng8 Kd4 43. Ne7 Rb6 44. Nf5+ Ke4 45. Ng3+ Kd4
46. Bf5 Rb3 47. Bh7 e4 48. Nxe4 Re3+ 49. Kf2 Rxe4 50. Bxe4 Kxe4 51. Kg3 Kf5 52.
h3 Kf6 53. Kg4 Kg6 54. g3 Kh6 55. Kf5 Kh5 56. Kf6 g4 57. h4 Kh6 58. Kf5
1-0

[Event "Sveins 10. minneturnering"]
[Site "Oslo"]
[Date "2017.06.24"]
[Round "2"]
[White "Lund, Terje"]
[Black "Hoi, Carsten"]
[Result "0-1"]
[WhiteElo "2095"]
[BlackElo "2359"]
[PlyCount "74"]
[EventDate "2017.??.??"]

1. d4 g6 2. g3 Bg7 3. Bg2 Nf6 4. Nf3 O-O 5. c4 d6 6. O-O c6 7. Nc3 Bf5 8. Ne1
e5 9. dxe5 dxe5 10. Nf3 Qc7 11. Bg5 h6 12. Bd2 Na6 13. Qc1 Kh7 14. Nh4 Be6 15.
b3 Rad8 16. h3 Nd7 17. f4 f5 18. e4 Ndc5 19. exf5 gxf5 20. Qe1 Nb4 21. Qe2 Nc2
22. Rad1 Nd4 23. Qf2 e4 24. Be3 Nd3 25. Qd2 Nb4 26. Nb5 cxb5 27. Qxb4 bxc4 28.
g4 a5 29. Qe1 Nc2 30. Qf2 Nxe3 31. Qxe3 Rxd1 32. Rxd1 Rd8 33. Rxd8 Qxd8 34. Qe1
c3 35. gxf5 c2 36. Bxe4 Qd1 37. fxe6+ Kg8
0-1

[Event "Sveins 10. minneturnering"]
[Site "Oslo"]
[Date "2017.06.24"]
[Round "2"]
[White "Haug, Johannes"]
[Black "Kizatbay, Abyl"]
[Result "1-0"]
[WhiteElo "2335"]
[BlackElo "2134"]
[PlyCount "136"]
[EventDate "2017.??.??"]

1. e4 c5 2. Nf3 d6 3. Bb5+ Nd7 4. c3 Ngf6 5. Qe2 a6 6. Ba4 e5 7. d4 b5 8. Bc2
Bb7 9. O-O Be7 10. Rd1 Qc7 11. a4 O-O 12. d5 c4 13. Na3 Qb6 14. Be3 Nc5 15. Nd2
Nfd7 16. b4 cxb3 17. Nxb3 Rfc8 18. axb5 axb5 19. Nxb5 Ba6 20. c4 h6 21. Rab1
Qd8 22. Ra1 Nxb3 23. Bxb3 Nc5 24. Bc2 Bg5 25. Bxg5 hxg5 26. Rdb1 Rcb8 27. Ra3
Bc8 28. Rba1 Bb7 29. Qe3 Rxa3 30. Rxa3 Ba6 31. Bd3 Qd7 32. Bf1 Qd8 33. Qf3 Ra8
34. Qg4 f6 35. Qf3 Bxb5 36. Rxa8 Qxa8 37. cxb5 Qa4 38. Qf5 Qxe4 39. Qxe4 Nxe4
40. b6 Nc5 41. Bd3 Kf8 42. Bf5 Ke8 43. Kf1 Kd8 44. Ke2 Na4 45. b7 Kc7 46. Kf3
Nc3 47. Be6 Kxb7 48. Kg4 g6 49. Bf7 Kb6 50. Bxg6 Nxd5 51. Kf5 Ne7+ 52. Kxf6
Nxg6 53. Kxg6 d5 54. Kxg5 d4 55. Kg4 e4 56. Kf4 Kc5 57. h4 Kc4 58. h5 d3 59.
Ke3 Kc3 60. h6 d2 61. h7 d1=Q 62. h8=Q+ Kc4 63. Qc8+ Kb4 64. Qb7+ Kc4 65. Qxe4+
Kc5 66. Qf5+ Kc4 67. Qc8+ Kb5 68. Qc3 Qh1
1-0

[Event "Sveins 10. minneturnering"]
[Site "Oslo"]
[Date "2017.06.24"]
[Round "2"]
[White "Bergre, Joachim"]
[Black "Grønn, Atle"]
[Result "0-1"]
[WhiteElo "2053"]
[BlackElo "2331"]
[PlyCount "76"]
[EventDate "2017.??.??"]

1. c4 g6 2. g3 Bg7 3. Bg2 e5 4. Nc3 Ne7 5. e4 d6 6. Nge2 c6 7. O-O Be6 8. d3
O-O 9. b3 c5 10. a3 Nbc6 11. Nd5 a5 12. Rb1 Rb8 13. Nec3 h6 14. Bd2 f5 15. b4
axb4 16. axb4 cxb4 17. Nxe7+ Qxe7 18. Nd5 Bxd5 19. cxd5 Nd4 20. Rxb4 f4 21. f3
h5 22. Bc3 Bh6 23. Bxd4 exd4 24. Bh3 fxg3 25. Be6+ Kg7 26. hxg3 Be3+ 27. Kg2
Qg5 28. Rh1 Bf4 29. Rh3 h4 30. g4 Bg3 31. Rxd4 Qe3 32. Rc4 Qf2+ 33. Kh1 Rxf3
34. Rc2 Qe3 35. Rc7+ Kh6 36. g5+ Kxg5 37. Rf7 Rxf7 38. Bxf7 Rc8
0-1

[Event "Sveins 10. minneturnering"]
[Site "Oslo"]
[Date "2017.06.24"]
[Round "2"]
[White "Moen, Andreas G.R."]
[Black "Lindbøl, Aleksander"]
[Result "1/2-1/2"]
[WhiteElo "2330"]
[BlackElo "2076"]
[PlyCount "144"]
[EventDate "2017.??.??"]

1. d4 Nf6 2. c4 e6 3. Nc3 Bb4 4. Qc2 b6 5. e4 Bb7 6. Bd3 c5 7. d5 d6 8. Nge2
Nbd7 9. a3 Bxc3+ 10. Nxc3 O-O 11. O-O Ne5 12. Be2 Ng6 13. Bg5 h6 14. Bd2 exd5
15. exd5 Re8 16. Rae1 a6 17. a4 Qc7 18. f4 Nf8 19. Bd3 Rad8 20. h3 Bc8 21. Qd1
Qd7 22. Qf3 Rxe1 23. Bxe1 Re8 24. Bh4 N6h7 25. Qg3 f5 26. Qf3 Qf7 27. Re1 Ng6
28. Rxe8+ Qxe8 29. Bf2 Nf6 30. Qe3 Qxe3 31. Bxe3 Bd7 32. Kf2 Kf7 33. Kf3 Nh4+
34. Kg3 Ng6 35. Bd2 Ne7 36. Kf3 Ng6 37. Be1 Ne7 38. b3 a5 39. Nd1 g6 40. Ne3 g5
41. Bc3 Ne8 42. fxg5 hxg5 43. g3 Ng7 44. h4 gxh4 45. gxh4 Ng6 46. h5 Nxh5 47.
Bxf5 Nh4+ 48. Kg4 Nxf5 49. Nxf5 Ng3 50. Kxg3 Bxf5 51. Kf4 Bc2 52. Ke3 Bxb3 53.
Kd3 Bxa4 54. Be1 Bd1 55. Kc3 Be2 56. Bh4 Ke8 57. Bg5 Kd7 58. Bc1 a4 59. Ba3 Kc7
60. Bc1 Bd1 61. Ba3 Bb3 62. Bc1 Kd7 63. Bf4 Bd1 64. Bc1 Be2 65. Ba3 b5 66. cxb5
Bxb5 67. Bc1 Be2 68. Bg5 Bf3 69. Kc4 Bd1 70. Bc1 Bb3+ 71. Kb5 Kc7 72. Ka5 Bxd5
1/2-1/2

[Event "Sveins 10. minneturnering"]
[Site "Oslo"]
[Date "2017.06.24"]
[Round "2"]
[White "Toby, Albert"]
[Black "Kvisvik, Brede Alex."]
[Result "0-1"]
[WhiteElo "2015"]
[BlackElo "2310"]
[PlyCount "66"]
[EventDate "2017.??.??"]

1. d4 Nf6 2. Bg5 d5 3. e3 c5 4. c3 Nc6 5. Nf3 Qb6 6. Qb3 c4 7. Qxb6 axb6 8.
Bxf6 gxf6 9. e4 dxe4 10. Nfd2 b5 11. Nxe4 f5 12. Ng5 Bh6 13. Nf3 Bc1 14. Na3
Bxb2 15. Nxb5 Bxa1 16. Nc7+ Kd8 17. Nxa8 Bxc3+ 18. Kd1 Ba5 19. d5 Nb8 20. Ne5
b5 21. a4 Bb7 22. axb5 Bxa8 23. Bxc4 Rf8 24. Kc2 Nd7 25. Ra1 Nxe5 26. Rxa5 Kc7
27. Bb3 Bb7 28. Ra4 Kd6 29. Ra7 Rc8+ 30. Kd2 Rb8 31. Ke3 Nd7 32. Kd4 Nc5 33.
Bc2 Bxd5
0-1

[Event "Sveins 10. minneturnering"]
[Site "Oslo"]
[Date "2017.06.24"]
[Round "2"]
[White "Kovachev, Daniel Jakobsen"]
[Black "Hansen, Lars-Henrik Bech"]
[Result "1-0"]
[WhiteElo "2308"]
[BlackElo "2019"]
[PlyCount "53"]
[EventDate "2017.??.??"]

1. d4 g6 2. e4 d6 3. Nf3 Nf6 4. Nbd2 Bg7 5. c3 O-O 6. Be2 e5 7. dxe5 dxe5 8.
O-O Qe7 9. Qc2 b6 10. a4 Bb7 11. b3 Nbd7 12. Ba3 c5 13. Rfe1 Rfe8 14. Bc4 Nh5
15. Nf1 Nf4 16. Ne3 Nf6 17. Ng5 N6d5 18. Nxf7 Nxe3 19. Rxe3 Ne6 20. Bxe6 Qxe6
21. Ng5 Qg4 22. Rg3 Qh4 23. Qe2 Bf6 24. Qc4+ Kh8 25. Nf7+ Kg7 26. Nd6 Re7 27.
Nf5+
1-0

[Event "Sveins 10. minneturnering"]
[Site "Oslo"]
[Date "2017.06.24"]
[Round "2"]
[White "Chachkes, George D"]
[Black "Huse, Sigurd Kjelsbøl"]
[Result "0-1"]
[WhiteElo "1681"]
[BlackElo "1971"]
[PlyCount "164"]
[EventDate "2017.??.??"]

1. d4 d5 2. c4 c6 3. Nc3 Nf6 4. e3 a6 5. Qc2 dxc4 6. Bxc4 b5 7. Bd3 Bb7 8. Nf3
Nbd7 9. Ne4 e6 10. a3 c5 11. Nxc5 Bxc5 12. dxc5 Nxc5 13. Bxb5+ axb5 14. Qxc5
Nd7 15. Qb4 Qb6 16. Nd4 Bxg2 17. Rg1 Ne5 18. Ke2 Bd5 19. b3 Rb8 20. Rxg7 Nc6
21. Nxc6 Qxc6 22. Bd2 Bf3+ 23. Ke1 Rd8 24. Qf4 Rf8 25. Rg3 Qd5 26. Qd4 Qxb3 27.
Qc5 Qb2 28. Qc3 Rxd2 29. Qxb2 Rxb2 30. Rxf3 Rg8 31. Kf1 Rg4 32. Rh3 Ra4 33.
Rxh7 b4 34. Rh4 Rxa3 35. Rxa3 bxa3 36. Ra4 a2 37. Kg2 Ke7 38. Kf3 f5 39. h4 Kf6
40. Kg3 Kg6 41. f3 Kh5 42. e4 fxe4 43. fxe4 e5 44. Kf3 Kxh4 45. Ke3 Kg3 46. Ra6
Rb3+ 47. Ke2 Kf4 48. Rxa2 Re3+ 49. Kf2 Rxe4 50. Ra3 Rb4 51. Rf3+ Ke4 52. Re3+
Kd4 53. Kf3 Rb8 54. Re4+ Kd5 55. Re3 Rf8+ 56. Ke2 e4 57. Ra3 Rh8 58. Ra5+ Kd4
59. Ra4+ Ke5 60. Ke3 Rh3+ 61. Ke2 Kf4 62. Ra8 Rh2+ 63. Ke1 Kf3 64. Rf8+ Ke3 65.
Kf1 Ra2 66. Rd8 Ra1+ 67. Kg2 Ke2 68. Rb8 Ra2 69. Rd8 Ra7 70. Rg8 e3 71. Rg4 Rf7
72. Rg5 Rf6 73. Rg7 Rf2+ 74. Kg1 Kd1 75. Re7 Kd2 76. Rd7+ Ke1 77. Re7 e2 78.
Re8 Rf4 79. Rg8 Rd4 80. Re8 Rg4+ 81. Kh2 Kf2 82. Kh3 Rf4
0-1

[Event "Sveins 10. minneturnering"]
[Site "Oslo"]
[Date "2017.06.24"]
[Round "2"]
[White "Mac Arthur, John"]
[Black "Greibrokk, Ingrid"]
[Result "1-0"]
[WhiteElo "1964"]
[BlackElo "1936"]
[PlyCount "57"]
[EventDate "2017.??.??"]

1. e4 Nf6 2. e5 Nd5 3. d4 d6 4. c4 Nb6 5. f4 dxe5 6. fxe5 g6 7. Be3 Bg7 8. Nf3
O-O 9. Nc3 Be6 10. Qb3 a5 11. a4 Na6 12. Ng5 Bf5 13. Nge4 Nb4 14. Be2 Rc8 15.
g4 Bxe4 16. Nxe4 c6 17. O-O Nd7 18. Rad1 c5 19. e6 fxe6 20. Rxf8+ Bxf8 21. dxc5
Qc7 22. Bf2 Na6 23. c6 Qxc6 24. Bf3 Ndc5 25. Nxc5 Nxc5 26. Bxc6 Nxb3 27. Bd7
Ra8 28. Bxe6+ Kh8 29. c5
1-0